[Event "Hoogeveen Open"]
[Site "Hoogeveen, Netherlands"]
[Date "2018.10.24"]
[Round "6.12"]
[White "Ojas, Kulkarni"]
[Black "Kevlishvili, Robby"]
[Result "1-0"]
[WhiteElo "2254"]
[BlackElo "2461"]

1. Nc3 {[%clk 01:30:56]} {[%emt 00:00:06]} d5 {[%clk 01:19:50]} {[%emt
00:11:08]} 2. e4 {[%clk 01:31:13]} {[%emt 00:00:13]} dxe4 {[%clk 01:19:47]}
{[%emt 00:00:34]} 3. Nxe4 {[%clk 01:31:34]} {[%emt 00:00:09]} Nf6 {[%clk
01:19:34]} {[%emt 00:00:43]} 4. Nxf6+ {[%clk 01:31:35]} {[%emt 00:00:29]} exf6
{[%clk 01:19:59]} {[%emt 00:00:05]} 5. d4 {[%clk 01:30:07]} {[%emt 00:01:58]}
Bd6 {[%clk 01:20:08]} {[%emt 00:00:21]} 6. Bd3 {[%clk 01:30:05]} {[%emt
00:00:33]} O-O {[%clk 01:20:19]} {[%emt 00:00:19]} 7. Ne2 {[%clk 01:30:00]}
{[%emt 00:00:35]} c6 {[%clk 01:15:59]} {[%emt 00:04:50]} 8. c3 {[%clk
01:29:48]} {[%emt 00:00:41]} Qc7 {[%clk 01:15:30]} {[%emt 00:01:00]} 9. Qc2
{[%clk 01:28:32]} {[%emt 00:01:46]} g6 {[%clk 01:12:14]} {[%emt 00:03:46]} 10.
h4 {[%clk 01:28:21]} {[%emt 00:00:41]} Be6 {[%clk 01:11:28]} {[%emt 00:01:16]}
11. h5 {[%clk 01:21:42]} {[%emt 00:07:09]} f5 {[%clk 01:04:19]} {[%emt
00:07:39]} 12. Bh6 {[%clk 01:16:31]} {[%emt 00:05:41]} Re8 {[%clk 00:58:11]}
{[%emt 00:06:39]} 13. g4 {[%clk 01:16:30]} {[%emt 00:00:31]} Bd5 {[%clk
00:51:29]} {[%emt 00:07:13]} 14. O-O-O {[%clk 01:16:30]} {[%emt 00:00:29]} Bxh1
{[%clk 00:47:15]} {[%emt 00:04:44]} 15. Rxh1 {[%clk 01:16:48]} {[%emt
00:00:12]} Bf8 {[%clk 00:24:04]} {[%emt 00:23:41]} 16. Qd2 {[%clk 01:05:29]}
{[%emt 00:11:48]} fxg4 {[%clk 00:12:37]} {[%emt 00:11:58]} 17. hxg6 {[%clk
00:59:07]} {[%emt 00:06:52]} fxg6 {[%clk 00:12:45]} {[%emt 00:00:22]} 18. Bc4+
{[%clk 00:59:12]} {[%emt 00:00:25]} Kh8 {[%clk 00:13:10]} {[%emt 00:00:05]} 19.
Nf4 {[%clk 00:49:05]} {[%emt 00:10:37]} Qd6 {[%clk 00:13:14]} {[%emt 00:00:26]}
20. Be6 {[%clk 00:49:24]} {[%emt 00:00:11]} Rxe6 {[%clk 00:11:37]} {[%emt
00:02:08]} 21. Bxf8 {[%clk 00:49:41]} {[%emt 00:00:14]} Qxf8 {[%clk 00:10:09]}
{[%emt 00:01:58]} 22. Nxe6 {[%clk 00:50:04]} {[%emt 00:00:07]} Qe7 {[%clk
00:10:16]} {[%emt 00:00:23]} 23. Ng5 {[%clk 00:46:49]} {[%emt 00:03:43]} h5
{[%clk 00:08:12]} {[%emt 00:02:35]} 24. Re1 {[%clk 00:47:14]} {[%emt 00:00:05]}
Qf6 {[%clk 00:06:46]} {[%emt 00:01:56]} 25. Re8+ {[%clk 00:45:53]} {[%emt
00:01:51]} Kg7 {[%clk 00:07:11]} {[%emt 00:00:06]} 26. Ne6+ {[%clk 00:45:59]}
{[%emt 00:00:22]} Kh7 {[%clk 00:07:26]} {[%emt 00:00:17]} 27. Qe3 {[%clk
00:43:55]} {[%emt 00:02:33]} a5 {[%clk 00:05:56]} {[%emt 00:02:01]} 28. Rf8
{[%clk 00:43:48]} {[%emt 00:00:37]} 1-0

[Event "Hoogeveen Open"]
[Site "Hoogeveen, Netherlands"]
[Date "2018.10.24"]
[Round "6.13"]
[White "Colijn, Stefan"]
[Black "Elgersma, Simon"]
[Result "1-0"]
[WhiteElo "2340"]
[BlackElo "2237"]

1. Nf3 {[%clk 01:30:01]} {[%emt 00:00:55]} Nf6 {[%clk 01:30:33]} {[%emt
00:00:28]} 2. c4 {[%clk 01:30:22]} {[%emt 00:00:08]} g6 {[%clk 01:29:19]}
{[%emt 00:01:44]} 3. b3 {[%clk 01:30:43]} {[%emt 00:00:10]} Bg7 {[%clk
01:27:46]} {[%emt 00:02:03]} 4. Bb2 {[%clk 01:31:12]} {[%emt 00:00:02]} d6
{[%clk 01:27:34]} {[%emt 00:00:42]} 5. g3 {[%clk 01:30:54]} {[%emt 00:00:47]}
e5 {[%clk 01:23:21]} {[%emt 00:04:43]} 6. Bg2 {[%clk 01:29:48]} {[%emt
00:01:36]} O-O {[%clk 01:22:04]} {[%emt 00:01:47]} 7. O-O {[%clk 01:29:50]}
{[%emt 00:00:27]} Re8 {[%clk 01:17:32]} {[%emt 00:05:03]} 8. Nc3 {[%clk
01:28:48]} {[%emt 00:01:31]} Nc6 {[%clk 01:14:44]} {[%emt 00:03:18]} 9. d3
{[%clk 01:23:51]} {[%emt 00:05:28]} Bd7 {[%clk 01:04:18]} {[%emt 00:10:56]} 10.
h3 {[%clk 01:17:34]} {[%emt 00:06:47]} Qc8 {[%clk 00:59:13]} {[%emt 00:05:35]}
11. Kh2 {[%clk 01:09:25]} {[%emt 00:08:38]} Ne7 {[%clk 00:51:03]} {[%emt
00:08:41]} 12. Rc1 {[%clk 01:03:52]} {[%emt 00:06:03]} Nf5 {[%clk 00:48:48]}
{[%emt 00:02:43]} 13. e4 {[%clk 00:53:52]} {[%emt 00:10:32]} Ne7 {[%clk
00:38:59]} {[%emt 00:10:18]} 14. d4 {[%clk 00:48:20]} {[%emt 00:06:03]} Nc6
{[%clk 00:36:58]} {[%emt 00:02:31]} 15. dxe5 {[%clk 00:35:55]} {[%emt
00:12:55]} dxe5 {[%clk 00:36:01]} {[%emt 00:01:27]} 16. Re1 {[%clk 00:36:17]}
{[%emt 00:00:09]} h5 {[%clk 00:25:43]} {[%emt 00:10:49]} 17. Qd2 {[%clk
00:33:34]} {[%emt 00:03:13]} Nd4 {[%clk 00:23:33]} {[%emt 00:02:40]} 18. Nxe5
{[%clk 00:31:02]} {[%emt 00:03:02]} h4 {[%clk 00:17:52]} {[%emt 00:06:11]} 19.
Nd5 {[%clk 00:23:54]} {[%emt 00:07:38]} hxg3+ {[%clk 00:15:17]} {[%emt
00:03:04]} 20. fxg3 {[%clk 00:22:01]} {[%emt 00:02:24]} c5 {[%clk 00:13:19]}
{[%emt 00:02:29]} 21. Nd3 {[%clk 00:14:20]} {[%emt 00:08:11]} Nxd5 {[%clk
00:11:54]} {[%emt 00:01:55]} 22. cxd5 {[%clk 00:13:00]} {[%emt 00:01:49]} Bxh3
{[%clk 00:11:15]} {[%emt 00:01:09]} 23. Rxc5 {[%clk 00:09:52]} {[%emt
00:03:38]} Qg4 {[%clk 00:03:33]} {[%emt 00:08:12]} 24. Bxd4 {[%clk 00:06:44]}
{[%emt 00:03:38]} Bxg2 {[%clk 00:03:04]} {[%emt 00:00:59]} 25. Nf2 {[%clk
00:06:39]} {[%emt 00:00:34]} Qf3 {[%clk 00:01:22]} {[%emt 00:02:12]} 26. Rc3
{[%clk 00:07:02]} {[%emt 00:00:08]} 1-0

[Event "Hoogeveen Open"]
[Site "Hoogeveen, Netherlands"]
[Date "2018.10.24"]
[Round "6.14"]
[White "Tomilova, Elena"]
[Black "Elgersma, Onno"]
[Result "1-0"]
[WhiteElo "2328"]
[BlackElo "2223"]

1. Nf3 {[%clk 01:30:57]} {[%emt 00:00:05]} Nf6 {[%clk 01:30:47]} {[%emt
00:00:11]} 2. c4 {[%clk 01:31:21]} {[%emt 00:00:05]} e6 {[%clk 01:31:05]}
{[%emt 00:00:14]} 3. g3 {[%clk 01:31:45]} {[%emt 00:00:07]} d5 {[%clk
01:31:13]} {[%emt 00:00:20]} 4. b3 {[%clk 01:32:03]} {[%emt 00:00:12]} c5
{[%clk 01:31:04]} {[%emt 00:00:39]} 5. Bg2 {[%clk 01:32:16]} {[%emt 00:00:19]}
Be7 {[%clk 01:30:25]} {[%emt 00:01:06]} 6. O-O {[%clk 01:32:23]} {[%emt
00:00:23]} O-O {[%clk 01:29:50]} {[%emt 00:01:05]} 7. Bb2 {[%clk 01:32:16]}
{[%emt 00:00:37]} Nc6 {[%clk 01:28:58]} {[%emt 00:01:21]} 8. e3 {[%clk
01:30:13]} {[%emt 00:02:34]} b6 {[%clk 01:28:14]} {[%emt 00:01:15]} 9. Nc3
{[%clk 01:30:19]} {[%emt 00:00:24]} Ba6 {[%clk 01:26:34]} {[%emt 00:02:10]} 10.
d3 {[%clk 01:26:21]} {[%emt 00:04:28]} Qd7 {[%clk 01:25:51]} {[%emt 00:01:13]}
11. Qe2 {[%clk 01:23:08]} {[%emt 00:03:43]} Rfd8 {[%clk 01:25:04]} {[%emt
00:01:18]} 12. Rad1 {[%clk 01:21:59]} {[%emt 00:01:39]} Rac8 {[%clk 01:15:55]}
{[%emt 00:09:38]} 13. h3 {[%clk 01:20:07]} {[%emt 00:02:22]} Qe8 {[%clk
01:12:36]} {[%emt 00:03:48]} 14. g4 {[%clk 01:15:36]} {[%emt 00:05:02]} h6
{[%clk 01:04:02]} {[%emt 00:09:05]} 15. g5 {[%clk 01:08:45]} {[%emt 00:07:21]}
hxg5 {[%clk 01:00:37]} {[%emt 00:03:55]} 16. Nxg5 {[%clk 01:09:07]} {[%emt
00:00:08]} d4 {[%clk 00:52:02]} {[%emt 00:09:05]} 17. Nb1 {[%clk 01:08:04]}
{[%emt 00:01:33]} g6 {[%clk 00:41:17]} {[%emt 00:11:13]} 18. h4 {[%clk
01:02:00]} {[%emt 00:06:35]} Nh5 {[%clk 00:38:41]} {[%emt 00:03:06]} 19. Nd2
{[%clk 00:59:04]} {[%emt 00:03:26]} Bf8 {[%clk 00:36:40]} {[%emt 00:02:32]} 20.
Nde4 {[%clk 00:50:52]} {[%emt 00:08:43]} f6 {[%clk 00:33:27]} {[%emt 00:03:42]}
21. Qxh5 {[%clk 00:50:28]} {[%emt 00:00:54]} fxg5 {[%clk 00:25:41]} {[%emt
00:08:16]} 22. Qxg5 {[%clk 00:45:38]} {[%emt 00:05:19]} Bg7 {[%clk 00:16:59]}
{[%emt 00:09:12]} 23. h5 {[%clk 00:43:01]} {[%emt 00:03:07]} Kh7 {[%clk
00:07:21]} {[%emt 00:10:07]} 24. Nf6+ {[%clk 00:33:23]} {[%emt 00:10:09]} Bxf6
{[%clk 00:07:38]} {[%emt 00:00:14]} 25. Qxf6 {[%clk 00:33:48]} {[%emt
00:00:05]} Rc7 {[%clk 00:01:37]} {[%emt 00:06:30]} 26. Be4 {[%clk 00:30:15]}
{[%emt 00:04:03]} 1-0

[Event "Hoogeveen Open"]
[Site "Hoogeveen, Netherlands"]
[Date "2018.10.24"]
[Round "6.15"]
[White "Den Hartog, Marijn"]
[Black "Li, Henry"]
[Result "0-1"]
[WhiteElo "2296"]
[BlackElo "2207"]

1. d4 {[%clk 01:30:49]} {[%emt 00:00:11]} Nf6 {[%clk 01:30:46]} {[%emt
00:00:14]} 2. Nf3 {[%clk 01:30:48]} {[%emt 00:00:31]} g6 {[%clk 01:31:07]}
{[%emt 00:00:11]} 3. c4 {[%clk 01:30:50]} {[%emt 00:00:26]} Bg7 {[%clk
01:31:31]} {[%emt 00:00:06]} 4. g3 {[%clk 01:31:13]} {[%emt 00:00:07]} O-O
{[%clk 01:31:51]} {[%emt 00:00:10]} 5. Bg2 {[%clk 01:31:40]} {[%emt 00:00:03]}
d6 {[%clk 01:32:14]} {[%emt 00:00:08]} 6. O-O {[%clk 01:31:57]} {[%emt
00:00:12]} Nc6 {[%clk 01:32:27]} {[%emt 00:00:17]} 7. Nc3 {[%clk 01:30:43]}
{[%emt 00:01:44]} e5 {[%clk 01:32:39]} {[%emt 00:00:19]} 8. d5 {[%clk
01:29:13]} {[%emt 00:02:01]} Nb8 {[%clk 01:32:46]} {[%emt 00:00:22]} 9. e4
{[%clk 01:28:32]} {[%emt 00:01:11]} a5 {[%clk 01:33:08]} {[%emt 00:00:09]} 10.
h3 {[%clk 01:25:31]} {[%emt 00:03:31]} Na6 {[%clk 01:33:13]} {[%emt 00:00:25]}
11. Bg5 {[%clk 01:25:44]} {[%emt 00:00:16]} h6 {[%clk 01:01:35]} {[%emt
00:32:08]} 12. Be3 {[%clk 01:25:22]} {[%emt 00:00:52]} Nd7 {[%clk 00:57:12]}
{[%emt 00:04:54]} 13. Qd2 {[%clk 01:20:43]} {[%emt 00:05:09]} Kh7 {[%clk
00:57:34]} {[%emt 00:00:08]} 14. h4 {[%clk 01:20:57]} {[%emt 00:00:15]} Nf6
{[%clk 00:51:44]} {[%emt 00:06:21]} 15. Nh2 {[%clk 01:20:58]} {[%emt 00:00:29]}
Bd7 {[%clk 00:48:21]} {[%emt 00:03:53]} 16. Bf3 {[%clk 01:13:43]} {[%emt
00:07:45]} Qc8 {[%clk 00:45:06]} {[%emt 00:03:44]} 17. Bd1 {[%clk 01:09:00]}
{[%emt 00:05:13]} Bh3 {[%clk 00:40:23]} {[%emt 00:05:13]} 18. Re1 {[%clk
01:07:25]} {[%emt 00:02:05]} b6 {[%clk 00:37:59]} {[%emt 00:02:54]} 19. a3
{[%clk 00:57:34]} {[%emt 00:10:21]} Ng8 {[%clk 00:30:08]} {[%emt 00:08:21]} 20.
h5 {[%clk 00:55:41]} {[%emt 00:02:23]} Nf6 {[%clk 00:29:38]} {[%emt 00:01:01]}
21. hxg6+ {[%clk 00:54:40]} {[%emt 00:01:30]} fxg6 {[%clk 00:30:04]} {[%emt
00:00:05]} 22. Bf3 {[%clk 00:53:06]} {[%emt 00:02:03]} Ng4 {[%clk 00:28:48]}
{[%emt 00:01:47]} 23. Bxg4 {[%clk 00:49:59]} {[%emt 00:03:36]} Bxg4 {[%clk
00:29:13]} {[%emt 00:00:05]} 24. Nxg4 {[%clk 00:50:25]} {[%emt 00:00:04]} Qxg4
{[%clk 00:29:36]} {[%emt 00:00:07]} 25. Qe2 {[%clk 00:47:59]} {[%emt 00:02:55]}
Rf3 {[%clk 00:23:41]} {[%emt 00:06:26]} 26. Nb1 {[%clk 00:34:34]} {[%emt
00:13:55]} h5 {[%clk 00:20:04]} {[%emt 00:04:07]} 27. Nd2 {[%clk 00:28:19]}
{[%emt 00:06:45]} Rff8 {[%clk 00:20:02]} {[%emt 00:00:32]} 28. Qxg4 {[%clk
00:26:53]} {[%emt 00:01:56]} hxg4 {[%clk 00:20:31]} {[%emt 00:00:01]} 29. Kg2
{[%clk 00:27:15]} {[%emt 00:00:07]} g5 {[%clk 00:17:10]} {[%emt 00:03:51]} 30.
Bxg5 {[%clk 00:18:43]} {[%emt 00:09:02]} Nc5 {[%clk 00:17:35]} {[%emt
00:00:05]} 31. Be3 {[%clk 00:17:48]} {[%emt 00:01:24]} Nd3 {[%clk 00:17:56]}
{[%emt 00:00:10]} 32. Rh1+ {[%clk 00:18:13]} {[%emt 00:00:05]} Kg6 {[%clk
00:18:09]} {[%emt 00:00:17]} 33. Rh4 {[%clk 00:17:07]} {[%emt 00:01:36]} Nxb2
{[%clk 00:18:25]} {[%emt 00:00:14]} 34. Rxg4+ {[%clk 00:17:12]} {[%emt
00:00:24]} Kf7 {[%clk 00:18:48]} {[%emt 00:00:08]} 35. Rb1 {[%clk 00:15:26]}
{[%emt 00:02:17]} Na4 {[%clk 00:17:59]} {[%emt 00:01:19]} 36. Nf3 {[%emt
00:01:36]} Bf6 {[%clk 00:17:46]} 37. Rb3 {[%clk 00:11:05]} {[%emt 00:04:29]}
Rg8 {[%clk 00:17:29]} {[%emt 00:00:46]} 38. Rxg8 {[%clk 00:10:21]} {[%emt
00:01:15]} Rxg8 {[%clk 00:17:57]} {[%emt 00:00:02]} 39. Nd2 {[%clk 00:07:10]}
{[%emt 00:03:40]} Bg5 {[%clk 00:18:03]} {[%emt 00:00:26]} 40. Bxg5 {[%clk
00:07:22]} {[%emt 00:00:18]} Rxg5 {[%clk 00:18:28]} {[%emt 00:00:06]} 41. Rf3+
{[%clk 00:06:33]} {[%emt 00:01:18]} Ke7 {[%clk 00:15:56]} {[%emt 00:03:02]} 42.
Rf5 {[%clk 00:05:30]} {[%emt 00:01:33]} Rxf5 {[%clk 00:11:05]} {[%emt
00:05:20]} 43. exf5 {[%clk 00:05:57]} {[%emt 00:00:04]} b5 {[%clk 00:11:22]}
{[%emt 00:00:12]} 44. Kf3 {[%clk 00:19:35]} {[%emt 00:16:52]} b4 {[%clk
00:29:59]} {[%emt 00:11:54]} 45. axb4 {[%clk 00:20:02]} {[%emt 00:00:03]} axb4
{[%clk 00:30:24]} {[%emt 00:00:05]} 46. g4 {[%clk 00:07:04]} {[%emt 00:13:27]}
Nc5 {[%clk 00:29:50]} {[%emt 00:01:04]} 47. Ke3 {[%clk 00:06:40]} {[%emt
00:00:54]} b3 {[%clk 00:28:50]} {[%emt 00:01:31]} 48. g5 {[%clk 00:06:44]}
{[%emt 00:00:26]} b2 {[%clk 00:28:45]} {[%emt 00:00:35]} 49. Nb1 {[%clk
00:06:49]} {[%emt 00:00:25]} Kf7 {[%clk 00:22:14]} {[%emt 00:07:02]} 50. f3
{[%clk 00:07:00]} {[%emt 00:00:19]} Nb3 {[%clk 00:22:07]} {[%emt 00:00:38]} 51.
Kd3 {[%clk 00:06:47]} {[%emt 00:00:42]} Kg7 {[%clk 00:17:22]} {[%emt 00:05:14]}
52. Ke4 {[%clk 00:06:39]} {[%emt 00:00:38]} Nc5+ {[%clk 00:17:25]} {[%emt
00:00:27]} 53. Ke3 {[%clk 00:07:04]} {[%emt 00:00:05]} Nb3 {[%clk 00:17:36]}
{[%emt 00:00:20]} 54. Kd3 {[%clk 00:07:26]} {[%emt 00:00:07]} Kf7 {[%clk
00:17:15]} {[%emt 00:00:52]} 55. Na3 {[%clk 00:07:52]} {[%emt 00:00:04]} Nd4
{[%clk 00:13:56]} {[%emt 00:03:49]} 56. Ke4 {[%emt 00:05:21]} Nb3 {[%clk
00:13:48]} 57. Nb1 {[%clk 00:03:30]} {[%emt 00:00:39]} Nc5+ {[%clk 00:13:55]}
{[%emt 00:00:24]} 58. Ke3 {[%clk 00:03:55]} {[%emt 00:00:05]} Nb3 {[%clk
00:14:16]} {[%emt 00:00:09]} 59. f4 {[%clk 00:02:06]} {[%emt 00:02:19]} exf4+
{[%clk 00:14:25]} {[%emt 00:00:21]} 60. Kxf4 {[%clk 00:02:33]} {[%emt
00:00:03]} Na5 {[%clk 00:14:47]} {[%emt 00:00:08]} 61. c5 {[%clk 00:02:53]}
{[%emt 00:00:10]} dxc5 {[%clk 00:13:12]} {[%emt 00:02:05]} 62. f6 {[%clk
00:03:06]} {[%emt 00:00:17]} Nc4 {[%clk 00:13:09]} {[%emt 00:00:33]} 63. Kf5
{[%clk 00:02:31]} {[%emt 00:01:06]} Nd6+ {[%clk 00:12:44]} {[%emt 00:00:55]} 64.
Ke5 {[%clk 00:01:50]} {[%emt 00:01:11]} Kg6 {[%clk 00:12:16]} {[%emt 00:00:58]}
65. Ke6 {[%clk 00:01:40]} {[%emt 00:00:40]} Kxg5 {[%clk 00:12:13]} {[%emt
00:00:33]} 66. f7 {[%clk 00:01:22]} {[%emt 00:00:48]} Nxf7 {[%clk 00:12:14]}
{[%emt 00:00:29]} 67. Kd7 {[%clk 00:01:18]} {[%emt 00:00:34]} Kf5 {[%clk
00:07:32]} {[%emt 00:05:12]} 68. Kc6 {[%clk 00:01:43]} {[%emt 00:00:05]} c4
{[%clk 00:06:31]} {[%emt 00:01:32]} 69. Kc5 {[%clk 00:02:09]} {[%emt 00:00:04]}
Nd6 {[%clk 00:05:57]} {[%emt 00:01:04]} 70. Kd4 {[%clk 00:01:46]} {[%emt
00:00:53]} Kf4 {[%clk 00:06:10]} {[%emt 00:00:16]} 71. Kc3 {[%clk 00:01:27]}
{[%emt 00:00:50]} Ke4 {[%clk 00:06:24]} {[%emt 00:00:16]} 72. Kxb2 {[%clk
00:01:46]} {[%emt 00:00:11]} Kd3 {[%clk 00:06:04]} {[%emt 00:00:50]} 73. Nc3
{[%clk 00:00:40]} {[%emt 00:01:37]} Ne4 {[%clk 00:06:11]} {[%emt 00:00:22]} 74.
Nb5 {[%clk 00:00:36]} {[%emt 00:00:34]} c3+ {[%clk 00:04:54]} {[%emt 00:01:47]}
75. Kc1 {[%clk 00:00:46]} {[%emt 00:00:21]} Nc5 {[%clk 00:04:44]} {[%emt
00:00:39]} 76. Na3 {[%clk 00:00:57]} {[%emt 00:00:20]} Nb3+ {[%clk 00:04:56]}
{[%emt 00:00:17]} 77. Kd1 {[%clk 00:01:21]} {[%emt 00:00:06]} Nd4 {[%clk
00:05:03]} {[%emt 00:00:23]} 78. Kc1 {[%emt 00:02:29]} Ke4 {[%clk 00:03:23]} 79.
Nb1 {[%clk 00:00:59]} {[%emt 00:01:04]} Kd3 {[%clk 00:03:08]} {[%emt 00:00:45]}
80. Na3 {[%clk 00:01:11]} {[%emt 00:00:18]} Ke4 {[%clk 00:01:57]} {[%emt
00:01:40]} 81. Nb1 {[%clk 00:01:38]} {[%emt 00:00:03]} Nb5 {[%clk 00:01:36]}
{[%emt 00:00:51]} 82. Kc2 {[%clk 00:01:41]} {[%emt 00:00:27]} Kd4 {[%clk
00:01:40]} {[%emt 00:00:26]} 83. Kd1 {[%clk 00:00:56]} {[%emt 00:01:15]} Kxd5
{[%clk 00:01:47]} {[%emt 00:00:22]} 84. Kc1 {[%clk 00:01:25]} {[%emt 00:00:02]}
Kd4 {[%clk 00:01:59]} {[%emt 00:00:18]} 85. Kd1 {[%clk 00:01:52]} {[%emt
00:00:03]} Kd3 {[%clk 00:01:17]} {[%emt 00:01:11]} 86. Kc1 {[%clk 00:02:17]}
{[%emt 00:00:05]} c2 {[%clk 00:01:14]} {[%emt 00:00:33]} 87. Nc3 {[%clk
00:02:04]} {[%emt 00:00:44]} Nxc3 {[%clk 00:01:33]} {[%emt 00:00:10]} 0-1